| 000 | 00717 a2200277 4500 | ||
|---|---|---|---|
| 260 | _aParis | ||
| 100 | _aDATTÉE, François | ||
| 700 | _aDELLA MAESTRA, Serge | ||
| 700 | _aBOUTIGNY, Jacques | ||
| 260 | _bVuibert | ||
| 245 | _aTravaux pratiques et dirigés : ampli. Op. | ||
| 300 | _a207 p. | ||
| 650 | _a<Amplificateurs opérationnels><Circuits électroniques> | ||
| 260 | _c1984 | ||
| 300 | _btabl., fig., graph. ; 24 cm | ||
| 130 | _lFr. | ||
| 035 | _a10498 | ||
| 035 | _a10499 | ||
| 035 | _a10909 | ||
| 035 | _a10910 | ||
| 020 | _a2-7117-4196-6 | ||
| 999 |
_c13389 _d13389 |
||